Los asentamientos campesinos

Gespeichert in:
Bibliographische Detailangaben
1. Verfasser: Retana Padilla, Carlos
Format: Text
Veröffentlicht: [San José] :
Tags: Tag hinzufügen
Keine Tags, Fügen Sie den ersten Tag hinzu!

MARC

LEADER 00000 a a2200000 04500
001 15799
003
040
090 |a 015100  
100 |a Retana Padilla, Carlos  
245 |a Los asentamientos campesinos  
260 |a [San José] :  
300 |a 2 p.  
999 |c 13500  |d 13500